Conceptualizing Neuroscience in Management and Marketing

Príspevok sa zaoberá systematizáciou definícií a vedeckých prístupov k aplikácii neurovedy v moderných manažérskych a marketingových disciplínach. Zameriava sa na možnosti a oblasti implementácie trendov v skúmanej oblasti. Dôraz je kladený na vedecké pohľady, rozdiely a roztrieštenosť koncepcie neu...

Descripción completa

Guardado en:
Detalles Bibliográficos
Autor principal: Hanuláková, Eva, 1964-
Otros Autores: Mravec, Martin, 1972-
Formato: Capítulo de libro
Lenguaje:inglés
Materias:
Etiquetas: Agregar Etiqueta
Sin Etiquetas, Sea el primero en etiquetar este registro!

MARC

LEADER 00000naa a2200000 4500
001 0304642
005 20241211121428.6
041 0 |a eng 
044 |a SK 
245 1 0 |a Conceptualizing Neuroscience in Management and Marketing  |c Eva Hanuláková, Martin Mravec 
520 |a Príspevok sa zaoberá systematizáciou definícií a vedeckých prístupov k aplikácii neurovedy v moderných manažérskych a marketingových disciplínach. Zameriava sa na možnosti a oblasti implementácie trendov v skúmanej oblasti. Dôraz je kladený na vedecké pohľady, rozdiely a roztrieštenosť koncepcie neurovedy v manažérskych disciplínach. Príspevok je orientovaný na odporúčania, ktoré prispejú ku konsolidácii a zásadnému systémovému posunu neurovedy, manažmentu a marketingu. Celkovo tento článok prispieva k aktualizovanej systematickej konceptualizácii neurovedy v manažérskych disciplínach, ktorá bude slúžiť ako empirický obraz súčasného vedeckého myslenia. Zároveň sa vytvoril základ pre ďalší výskum a koncepčnú konsolidáciu s ohľadom na praktické využitie neurovedy v manažmente a marketingu. 
610 2 0 |a marketing 
610 2 0 |a manažment 
610 2 0 |a neuroveda 
100 1 |a Hanuláková, Eva, 1964- 
700 1 |a Mravec, Martin, 1972-